Mýtus o bezplatnom zdravotníctve sa rúca

Podiel súkromných výdavkov Slovákov na zdravotníctvo sa približuje výdavkom vo Švajčiarsku. Úroveň života a vnímanie kvality zdravotného systému sú pritom rozdielne. Švajčiarsko sa drží v medzinárodných porovnaniach pri vrchole, Slovensko na jeho chvoste. Slovenské zdravotníctvo nutne potrebuje zme...

Descripción completa

Guardado en:
Detalles Bibliográficos
Autor principal: Hunková, Mária
Formato: Capítulo de libro
Lenguaje:eslovaco
Materias:
Etiquetas: Agregar Etiqueta
Sin Etiquetas, Sea el primero en etiquetar este registro!

MARC

LEADER 00000naa a2200000 4500
001 0221304
005 20231113105651.3
041 0 |a slo 
044 |a SK 
245 1 0 |a Mýtus o bezplatnom zdravotníctve sa rúca  |c Mária Hunková 
520 |a Podiel súkromných výdavkov Slovákov na zdravotníctvo sa približuje výdavkom vo Švajčiarsku. Úroveň života a vnímanie kvality zdravotného systému sú pritom rozdielne. Švajčiarsko sa drží v medzinárodných porovnaniach pri vrchole, Slovensko na jeho chvoste. Slovenské zdravotníctvo nutne potrebuje zmenu, ktorá dá Slovákom kvalitnejšie zdravotnícke služby. Modely zdravotného poistenia. 
610 2 0 |a zdravotníctvo verejné 
610 2 0 |a služby zdravotnícke 
610 2 0 |a poistenie zdravotné 
610 2 0 |a výdavky 
610 2 0 |a poisťovne zdravotné 
610 2 0 |a starostlivosť zdravotná 
610 2 0 |a Slovensko 
100 1 |a Hunková, Mária